Študentov očarila "vrecková" čistiareň odpadových vôd

Podrobná bibliografia
Hlavný autor: Hrivňáková, Viera (Author)
Médium: Článok
Jazyk:Slovak
Témy:
Zdroj: 1. Košický denník 1. Roč. 1, č. 49(1999), dát. 0603, s. 5
LEADER 00798nab#a2200301#ar4500
001 000032213
003 SVKKK
005 00000000000000.0
008 c xo e sloo
FMT
038 |a SVKKK 
040 |a SVKKK  |b slo  |e AACR2 
041 0 |a slo 
044 |a xo  |c SK 
080 |a 378:6  |2 1981 
100 1 |a Hrivňáková, Viera  |4 aut 
245 1 0 |a Študentov očarila "vrecková" čistiareň odpadových vôd  |c Hrivňáková Viera, 
300 |b Fotogr 
650 0 4 |a Technická univerzit  |x Fakulta BERG, Košice> 
650 0 4 |a pobyt študijný  |x Nemecko  |x informácie 
773 0 |t Košický denník  |g Roč. 1, č. 49(1999), dát. 0603, s. 5 
957 |a Košice 
958 |a KE 
974 |d 991025  |a SAB 
992 |a RBX 
BAS
852 |a SVKKK  |b BIB 
998 |a REG